| 000 | 00480cam a2200181ua 4500 | ||
|---|---|---|---|
| 020 | _c35.00 | ||
| 041 |
_aeng _h |
||
| 082 |
_a631.587 _bPRI/IR |
||
| 100 | _aPrihar , S.S . | ||
| 245 |
_aIrrigation of field crops principles and practices / _cS.S. Prihar. _hTextual Documents |
||
| 260 |
_a : _bIndian camal of agriculture resarch , _c1987. |
||
| 300 | _a142 ; . | ||
| 365 | _a35.00 | ||
| 504 | _a | ||
| 700 | 1 | _aSandhu , B.S . | |
| 942 | _cBK | ||
| 999 |
_c2789 _d2789 |
||